Beauty and the Beast (Disney) - Statistics

General Stats
  • This quiz has been taken 2,338 times
    2,328 since last reset
  • The average score is 16 of 23
Answer Stats
Hint Answer % Correct
Princess Belle
99%
Songs Belle
99%
Belle (reprise)
99%
Villain Gaston
94%
Gaston
94%
Gaston (reprise)
94%
Prince Beast
89%
Teacup Chip
87%
Country where the story takes place France
82%
Candlestick Lumière
81%
Teapot Mrs.Potts
80%
Beauty and the Beast
74%
Beauty and the Beast (finale)
74%
Clock Cogsworth
72%
Be Our Guest
71%
Year of release 1991
65%
Heroine's father Maurice
62%
Villain's sidekick Lefou
59%
Something There
45%
The Mob Song
38%
Voice of ^ Paige O'Hara
27%
Human Again
21%
Attraction in Disney Parks Enchanted tales with belle
6%
No matching quizzes found
Score Distribution
Percent of People with Each Score
Percentile by Number Answered
Your Score History
You have not taken this quiz since the last reset